000
00289nam a22001337a 4500
003
SGT
020
_a
9780969981671
082
_a
341.23
_b
FOS
100
_a
FOSTER JOHN W
245
_a
WHOSE WORLD IS IT ANYWAY
260
_a
CANADA
_b
UN ASSOCIATION
_c
1998
300
_a
348
942
_2
ddc
_c
BK
999
_c
33362
_d
33362